[Event "FRA-chT Top 12 (Women) GpA"]
[Site "Mulhouse"]
[Date "2022.04.09"]
[Round "3.2"]
[White "Richard, Emma"]
[Black "Bismuth, Lea"]
[Result "1-0"]
[WhiteElo "2144"]
[BlackElo "1957"]
[PlyCount "98"]
[EventDate "2022.04.07"]
[EventType "team-tourn"]
[EventRounds "5"]
[EventCountry "FRA"]
[SourceTitle "CBM 207 Extra"]
[Source "ChessBase"]
[SourceDate "2022.05.31"]
[SourceVersion "1"]
[SourceVersionDate "2022.05.31"]
[SourceQuality "1"]
[WhiteTeam "Mulhouse Philidor (W)"]
[BlackTeam "Lesparre Medoc (W)"]
[WhiteTeamCountry "FRA"]
[BlackTeamCountry "FRA"]

1. e4 e5 2. Nf3 Nc6 3. Bb5 f5 4. d3 fxe4 5. dxe4 Nf6 6. Bc4 Bb4+ 7. c3 Bc5 8. 0-0 d6 9. Ng5 Qe7 10. Bf7+ Kf8 11. Bd5 Nd8 12. Be3 c6 13. Bb3 h6 14. Bxc5 dxc5 15. Nf3 Bg4 16. Qd3 Ne6 17. Bxe6 Qxe6 18. Nbd2 Ke7 19. h3 Bh5 20. Nh4 Rad8 21. Qe3 b6 22. Ndf3 Rd7 23. Nf5+ Kf7 24. Rfd1 Rhd8 25. Rxd7+ Rxd7 26. g4 Bg6 27. Re1 Kf8 28. a4 c4 29. N3h4 Bh7 30. f3 Rd3 31. Qe2 Nd7 32. a5 Nc5 33. axb6 axb6 34. Ne3 b5 35. Ra1 Qd7 36. Nf1 Kf7 37. Qf2 Qe7 38. Ng2 g5 39. h4 Ke6 40. hxg5 hxg5 41. Ne1 Rd7 42. Qh2 Qf6 43. Ne3 Bg6 44. Nf5 Nd3 45. Nxd3 cxd3 46. Qf2 Bxf5 47. exf5+ Kf7 48. Qe3 Kg7 49. Rd1 Kh6 1-0

[Event "FRA-chT Top 12 (Women) GpA"]
[Site "Mulhouse"]
[Date "2022.04.08"]
[Round "2.2"]
[White "Steil Antoni, Fiona"]
[Black "Bismuth, Lea"]
[Result "1-0"]
[WhiteElo "2189"]
[BlackElo "1957"]
[PlyCount "99"]
[EventDate "2022.04.07"]
[EventType "team-tourn"]
[EventRounds "5"]
[EventCountry "FRA"]
[SourceTitle "CBM 207 Extra"]
[Source "ChessBase"]
[SourceDate "2022.05.31"]
[SourceVersion "1"]
[SourceVersionDate "2022.05.31"]
[SourceQuality "1"]
[WhiteTeam "Vandoeuvre (W)"]
[BlackTeam "Lesparre Medoc (W)"]
[WhiteTeamCountry "FRA"]
[BlackTeamCountry "FRA"]

1. e4 e5 2. Nf3 Nc6 3. Bc4 Nf6 4. d3 Be7 5. c3 d6 6. Bb3 0-0 7. h3 Kh8 8. g4 Be6 9. Nbd2 d5 10. Ng5 Qd7 11. Nxe6 fxe6 12. Qe2 Rad8 13. Nf3 Bc5 14. 0-0 Rde8 15. Bg5 h6 16. Bh4 Qf7 17. Kg2 Qg6 18. Bxf6 gxf6 19. exd5 exd5 20. Bxd5 h5 21. Be4 f5 22. Nh4 Qg5 23. Nxf5 Ne7 24. Nxe7 Rxe7 25. f3 c6 26. b4 Bb6 27. a4 Rg7 28. a5 Bd8 29. Rfe1 Qh6 30. a6 b6 31. Rh1 Bg5 32. Rad1 Bf4 33. c4 c5 34. bxc5 bxc5 35. Rb1 Qxa6 36. Rb5 Rc7 37. Rhb1 Qf6 38. Qf2 Qe7 39. Rb7 Rfc8 40. Rxc7 Rxc7 41. Rb8+ Kg7 42. Bd5 h4 43. Qe2 Kh6 44. Rh8+ Kg5 45. Qe4 Qd7 46. Rg8+ Kf6 47. Qg6+ Ke7 48. Qf7+ Kd6 49. Rg6+ Qe6 50. Rxe6# 1-0

[Event "FRA-chT Top 12 (Women) GpA"]
[Site "Mulhouse"]
[Date "2022.04.07"]
[Round "1.3"]
[White "Salvador, Lucie"]
[Black "Bismuth, Lea"]
[Result "1/2-1/2"]
[WhiteElo "1979"]
[BlackElo "1957"]
[PlyCount "151"]
[EventDate "2022.04.07"]
[EventType "team-tourn"]
[EventRounds "5"]
[EventCountry "FRA"]
[SourceTitle "CBM 207 Extra"]
[Source "ChessBase"]
[SourceDate "2022.05.31"]
[SourceVersion "1"]
[SourceVersionDate "2022.05.31"]
[SourceQuality "1"]
[WhiteTeam "Juvisy (W)"]
[BlackTeam "Lesparre Medoc (W)"]
[WhiteTeamCountry "FRA"]
[BlackTeamCountry "FRA"]

1. c4 g6 2. Nc3 Bg7 3. g3 e5 4. Bg2 d6 5. e3 Nf6 6. Nge2 0-0 7. 0-0 Re8 8. d4 exd4 9. Nxd4 Nbd7 10. Bd2 Ne5 11. Qb3 Bd7 12. Nd5 a5 13. Bc3 Nxd5 14. cxd5 Qc8 15. Rfd1 a4 16. Qc2 Bh3 17. Nb5 Bf5 18. Qc1 Re7 19. Nd4 Bg4 20. Rd2 h5 21. Qf1 a3 22. h3 Bf5 23. e4 Bd7 24. f4 c5 25. Nc2 axb2 26. Bxb2 Nf3+ 27. Qxf3 Bxb2 28. Rb1 Bg7 29. Ne3 b5 30. Kh2 c4 31. f5 Ra3 32. f6 Rxe3 33. Qxe3 Bxf6 34. Rf1 Be5 35. Qg5 Qf8 36. Bf3 Bg7 37. Rdf2 Bh6 38. Qf6 Bg7 39. Qxd6 Be5 40. Qb4 h4 41. Rg2 Bxg3+ 42. Rxg3 hxg3+ 43. Kxg3 Qb8+ 44. Kg2 Qe5 45. Qc5 Qg5+ 46. Kh2 Qh4 47. Bg2 Re5 48. Qc7 Qe7 49. d6 Qe6 50. Re1 Rh5 51. Re3 Qe5+ 52. Kh1 Qe6 53. a3 Kg7 54. Kh2 Rh8 55. Qc5 Rc8 56. Qd4+ Kg8 57. e5 Qf5 58. Rf3 Qc2 59. Qd5 Rf8 60. Qb7 Bf5 61. Qxb5 Be4 62. Rg3 c3 63. Qc4 Bf5 64. Qxc3 Qa4 65. Qf3 Be6 66. Qf6 Qc2 67. h4 Qd1 68. Bf3 Qd2+ 69. Rg2 Qd3 70. h5 Bf5 71. Be2 Qh3+ 72. Kg1 Qe3+ 73. Kh2 Qh3+ 74. Kg1 Qe3+ 75. Kh2 Qh3+ 76. Kg1 1/2-1/2

[Event "FRA-chT Top 12 (Women) GpA"]
[Site "Vandoeuvre"]
[Date "2019.05.03"]
[Round "2.2"]
[White "Le Du, Maelle"]
[Black "Bismuth, Lea"]
[Result "0-1"]
[WhiteElo "1673"]
[BlackElo "1956"]
[PlyCount "90"]
[EventDate "2019.05.02"]
[EventType "team-tourn"]
[EventRounds "5"]
[EventCountry "FRA"]
[SourceTitle "CBM 190 Extra"]
[Source "ChessBase"]
[SourceDate "2019.07.15"]
[SourceVersion "1"]
[SourceVersionDate "2019.07.15"]
[SourceQuality "1"]
[WhiteTeam "Saint Brieuc (W)"]
[BlackTeam "Juvisy (W)"]
[WhiteTeamCountry "FRA"]
[BlackTeamCountry "FRA"]

1. d4 Nf6 2. Nf3 g6 3. e3 Bg7 4. Bd3 c5 5. 0-0 cxd4 6. exd4 0-0 7. c3 Nc6 8. Bg5 d6 9. Re1 Re8 10. Nbd2 Qc7 11. Re2 Bd7 12. Qc2 Rac8 13. Rae1 Kf8 14. a3 e5 15. dxe5 dxe5 16. h3 Nd5 17. g4 f6 18. Be3 Nce7 19. Nh4 Nxe3 20. Rxe3 Nd5 21. Re4 Nf4 22. R1e3 Bc6 23. Rc4 Qd6 24. Ne4 Qe7 25. Ng2 b5 26. Rc5 Nxg2 27. Kxg2 Bxe4+ 28. Rxe4 Qxc5 29. Qe2 a6 30. c4 bxc4 31. Bxc4 a5 32. Kg3 Red8 33. b4 axb4 34. axb4 Qxb4 35. Be6 Rc3+ 36. f3 Qa3 37. Bc4 Qc1 38. Kh4 f5 39. gxf5 gxf5 40. Qa2 fxe4 41. Bg8 Qf4+ 42. Kh5 Qf5+ 43. Kh4 Rxf3 44. Qf7+ Qxf7 45. Bxf7 Kxf7 0-1

[Event "FRA-chT Top 12 (Women) GpA"]
[Site "Vandoeuvre"]
[Date "2019.05.02"]
[Round "1.2"]
[White "Bismuth, Lea"]
[Black "Daulyte Cornette, Deimante"]
[Result "0-1"]
[WhiteElo "1956"]
[BlackElo "2433"]
[PlyCount "76"]
[EventDate "2019.05.02"]
[EventType "team-tourn"]
[EventRounds "5"]
[EventCountry "FRA"]
[SourceTitle "CBM 190 Extra"]
[Source "ChessBase"]
[SourceDate "2019.07.15"]
[SourceVersion "1"]
[SourceVersionDate "2019.07.15"]
[SourceQuality "1"]
[WhiteTeam "Juvisy (W)"]
[BlackTeam "Monaco (W)"]
[WhiteTeamCountry "FRA"]
[BlackTeamCountry "FRA"]

1. d4 Nf6 2. Bf4 d5 3. Nc3 c5 4. e3 cxd4 5. exd4 a6 6. Nf3 Nc6 7. Ne5 Bf5 8. g4 Nxe5 9. dxe5 Bxg4 10. f3 Nh5 11. Be3 Be6 12. f4 d4 13. Qxh5 dxc3 14. b3 Bd5 15. Rg1 g6 16. Qh3 Qc8 17. Qg3 e6 18. Bd3 Ba3 19. Rd1 Qc6 20. Kf2 0-0-0 21. Rge1 Kb8 22. Bf1 Be4 23. Qg5 Rde8 24. Bd3 Bd5 25. Qg3 h5 26. h4 Be7 27. a4 Rc8 28. Kg1 Rhd8 29. Kh2 Bf3 30. Ra1 Rxd3 31. cxd3 Bd5 32. Qf2 Bxb3 33. Reb1 Qd5 34. a5 c2 35. Rb2 Qxd3 36. Qe1 Rc3 37. Bf2 Qh3+ 38. Kg1 Bd5 0-1

[Event "Las Palmas Montalvo Memorial 6th"]
[Site "Las Palmas"]
[Date "2013.03.28"]
[Round "4"]
[White "Bismuth, Lea"]
[Black "Hernandez Diaz, Heriberto"]
[Result "1-0"]
[WhiteElo "1948"]
[BlackElo "1740"]
[PlyCount "21"]
[EventDate "2013.03.25"]
[EventType "swiss"]
[EventRounds "9"]
[EventCountry "ESP"]
[SourceTitle "CBM 153 Extra"]
[Source "ChessBase"]
[SourceDate "2013.04.22"]
[SourceVersion "1"]
[SourceVersionDate "2013.04.22"]
[SourceQuality "1"]

1. Nc3 d5 2. e4 c6 3. Nf3 Bg4 4. h3 Bh5 5. g4 Bg6 6. exd5 cxd5 7. h4 h6 8. Ne5 Bh7 9. Bb5+ Nc6 10. Nxc6 Qd6 11. Ne5+ 1-0

[Event "Palma de Mallorca (Women)"]
[Site "Palma de Mallorca"]
[Date "2013.02.23"]
[Round "9.4"]
[White "Bismuth, Lea"]
[Black "Nicolas Zapata, Javier"]
[Result "0-1"]
[WhiteElo "1962"]
[BlackElo "2075"]
[PlyCount "94"]
[EventDate "2013.02.17"]
[EventType "swiss"]
[EventRounds "9"]
[EventCountry "ESP"]
[SourceTitle "EXT 2024"]
[Source "ChessBase"]
[SourceDate "2023.10.10"]
[SourceVersion "1"]
[SourceVersionDate "2023.10.10"]
[SourceQuality "1"]

1. e4 c5 2. Nc3 a6 3. Nf3 e6 4. d4 cxd4 5. Nxd4 Qc7 6. g3 Nf6 7. Bg2 Bb4 8. Bd2 Nc6 9. Nb3 Be7 10. 0-0 0-0 11. Bf4 d6 12. Qd2 Ne5 13. Rad1 Nc4 14. Qc1 Nh5 15. Be3 Nxe3 16. Qxe3 Nf6 17. Kh1 Ng4 18. Qe2 Ne5 19. Nd2 b5 20. f4 Nc4 21. Nxc4 bxc4 22. Rd4 Qb6 23. Rxc4 a5 24. Qf2 Qb8 25. Rc6 Bd8 26. Rd1 Bc7 27. e5 d5 28. Qc5 Bd8 29. Bxd5 exd5 30. Nxd5 Bb7 31. Rd6 Be7 32. Qb5 Bxd6 33. exd6 Ra6 34. Kg1 Qa7+ 35. Kf1 Bxd5 36. Rxd5 Rb6 37. Qc5 Qa6+ 38. c4 Rc6 39. Qd4 Rxc4 40. Qd3 Rc1+ 41. Ke2 Rc2+ 42. Ke3 Re8+ 43. Re5 Rxe5+ 44. fxe5 Qxd3+ 45. Kxd3 Rxb2 46. Kd4 Kf8 47. Kd5 Ke8 0-1

[Event "Palma de Mallorca (Women)"]
[Site "Palma de Mallorca"]
[Date "2013.02.19"]
[Round "4.2"]
[White "Bismuth, Lea"]
[Black "Garcia del Rey, Senen"]
[Result "0-1"]
[WhiteElo "1962"]
[BlackElo "2293"]
[PlyCount "84"]
[EventDate "2013.02.17"]
[EventType "swiss"]
[EventRounds "9"]
[EventCountry "ESP"]
[SourceTitle "EXT 2024"]
[Source "ChessBase"]
[SourceDate "2023.10.10"]
[SourceVersion "1"]
[SourceVersionDate "2023.10.10"]
[SourceQuality "1"]

1. e4 c5 2. Nc3 a6 3. Nf3 e6 4. d4 cxd4 5. Nxd4 Qc7 6. g3 Nf6 7. Bg2 Be7 8. f4 d6 9. Be3 0-0 10. g4 Nc6 11. g5 Nd7 12. Qg4 Nb6 13. Qg3 Nc4 14. 0-0 Nxe3 15. Qxe3 Nxd4 16. Qxd4 d5 17. Kh1 dxe4 18. Qxe4 Rb8 19. Rad1 b5 20. Qe2 Bb7 21. Ne4 Rbc8 22. Rf2 Rfd8 23. Rd3 Rxd3 24. Qxd3 Rd8 25. Qe2 Qd7 26. h4 b4 27. h5 a5 28. Kh2 Qc7 29. Qg4 Bxe4 30. Bxe4 Rd4 31. Bd3 g6 32. hxg6 hxg6 33. Kh3 Bd6 34. Kg3 e5 35. Rh2 Rxf4 36. Qh3 Kf8 37. Qh6+ Ke7 38. Bxg6 e4 39. Kg2 Qxc2+ 40. Kh3 Qd3+ 41. Kg2 Qf1+ 42. Kg3 Qf3# 0-1

[Event "Palma de Mallorca (Women)"]
[Site "Palma de Mallorca"]
[Date "2013.02.19"]
[Round "3.4"]
[White "Robin, Samy"]
[Black "Bismuth, Lea"]
[Result "1/2-1/2"]
[WhiteElo "2250"]
[BlackElo "1962"]
[PlyCount "27"]
[EventDate "2013.02.17"]
[EventType "swiss"]
[EventRounds "9"]
[EventCountry "ESP"]
[SourceTitle "EXT 2024"]
[Source "ChessBase"]
[SourceDate "2023.10.10"]
[SourceVersion "1"]
[SourceVersionDate "2023.10.10"]
[SourceQuality "1"]

1. d4 Nf6 2. c4 g6 3. Nc3 Bg7 4. e4 d6 5. Be2 0-0 6. g4 Na6 7. g5 Nd7 8. h4 e5 9. d5 f6 10. gxf6 Nxf6 11. h5 Nc5 12. hxg6 Nfxe4 13. Nxe4 Nxe4 14. gxh7+ 1/2-1/2

[Event "Malta op"]
[Site "Bugibba"]
[Date "2012.11.18"]
[Round "1"]
[White "Bismuth, Lea"]
[Black "Collutiis, Duilio"]
[Result "0-1"]
[WhiteElo "1950"]
[BlackElo "2486"]
[PlyCount "82"]
[EventDate "2012.11.18"]
[EventType "swiss"]
[EventRounds "9"]
[EventCountry "MLT"]
[SourceTitle "CBM 151 Extra"]
[Source "ChessBase"]
[SourceDate "2012.12.18"]
[SourceVersion "1"]
[SourceVersionDate "2012.12.18"]
[SourceQuality "1"]

1. b3 d5 2. e3 c6 3. Bb2 Nd7 4. f4 Ngf6 5. Nf3 g6 6. Nc3 Bg7 7. Be2 Ne4 8. Qc1 Nxc3 9. Bxc3 Bxc3 10. dxc3 0-0 11. 0-0 e5 12. Re1 Re8 13. Kh1 e4 14. Nd2 Nf6 15. Qb2 Qb6 16. Nf1 Rd8 17. a4 c5 18. Rad1 Be6 19. h3 Rd6 20. Rd2 h5 21. Red1 Rad8 22. Qa1 h4 23. a5 Qc7 24. c4 d4 25. exd4 e3 26. dxc5 Rxd2 27. Nxd2 Qe7 28. Nf3 Rxd1+ 29. Qxd1 Nh5 30. Qd6 Ng3+ 31. Kh2 Qxd6 32. cxd6 Nxe2 33. Ne5 Kf8 34. Nd3 Ke8 35. c5 Bf5 36. a6 bxa6 37. Ne5 Nxf4 38. Kg1 f6 39. Nf3 Kd7 40. Nd4 Be4 41. c4 Bxg2 0-1

[Event "FRA-chT1 1011"]
[Site "France"]
[Date "2010.11.14"]
[Round "3.7"]
[White "Bismuth, Lea"]
[Black "Ducret, Thomas"]
[Result "0-1"]
[WhiteElo "1940"]
[BlackElo "2158"]
[PlyCount "52"]
[EventDate "2010.10.17"]
[EventType "team-tourn"]
[EventRounds "11"]
[EventCountry "FRA"]
[SourceTitle "EXT 2012"]
[Source "ChessBase"]
[SourceDate "2011.11.24"]
[SourceVersion "1"]
[SourceVersionDate "2011.11.24"]
[SourceQuality "1"]

1. e4 c5 2. Nc3 e6 3. f4 a6 4. Nf3 d5 5. e5 Nc6 6. d4 Nh6 7. Be3 Nf5 8. Bf2 Qb6 9. dxc5 Bxc5 10. Bxc5 Qxc5 11. Qd2 Ne3 12. Bd3 b5 13. Ke2 Nc4 14. Bxc4 Qxc4+ 15. Kf2 Qc5+ 16. Kg3 f6 17. Rhe1 0-0 18. Rad1 Ra7 19. Re3 Raf7 20. Ne2 g5 21. fxg5 fxe5 22. h4 e4 23. Nfd4 Qd6+ 24. Kh3 e5+ 25. Nf5 Rxf5 26. Rxe4 Rf4+ 0-1

[Event "FRA-chT1 1011"]
[Site "France"]
[Date "2010.11.13"]
[Round "2.7"]
[White "Wohlers Armas, Friederike"]
[Black "Bismuth, Lea"]
[Result "1/2-1/2"]
[WhiteElo "2006"]
[BlackElo "1940"]
[PlyCount "59"]
[EventDate "2010.10.17"]
[EventType "team-tourn"]
[EventRounds "11"]
[EventCountry "FRA"]
[SourceTitle "EXT 2012"]
[Source "ChessBase"]
[SourceDate "2011.11.24"]
[SourceVersion "1"]
[SourceVersionDate "2011.11.24"]
[SourceQuality "1"]

1. d4 Nf6 2. c4 g6 3. Nc3 Bg7 4. e4 d6 5. f3 0-0 6. Be3 Na6 7. Qd2 e5 8. d5 b6 9. Nge2 Nc5 10. b4 Ncd7 11. a3 a5 12. Rb1 Ne8 13. Nc1 f5 14. exf5 gxf5 15. Be2 Qf6 16. 0-0 e4 17. Nb5 f4 18. Bd4 e3 19. Qb2 Ne5 20. Kh1 Bf5 21. Nd3 Qg5 22. Rbd1 Nxc4 23. Qc3 Nd2 24. Rxd2 exd2 25. Qxd2 Bxd4 26. Nxd4 Bxd3 27. Bxd3 Ng7 28. Qc2 axb4 29. axb4 Kh8 30. Be4 1/2-1/2

[Event "Syre Memorial op 33th"]
[Site "Issy les Moulineaux"]
[Date "2010.05.16"]
[Round "5"]
[White "Bismuth, Lea"]
[Black "Deschamps, Bruno"]
[Result "1-0"]
[WhiteElo "1934"]
[BlackElo "1575"]
[PlyCount "25"]
[EventDate "2010.05.13"]
[EventType "swiss"]
[EventRounds "6"]
[EventCountry "FRA"]
[SourceTitle "EXT 2011"]
[Source "ChessBase"]
[SourceDate "2010.11.26"]
[SourceVersion "1"]
[SourceVersionDate "2010.11.26"]
[SourceQuality "1"]

1. Nc3 e5 2. Nf3 Nc6 3. d4 Nxd4 4. Nxe5 c5 5. Bf4 Ne6 6. Bg3 Nf6 7. e4 a6 8. Nc4 Nd4 9. e5 Qe7 10. Nd6+ Kd8 11. Bc4 Kc7 12. 0-0 Kd8 13. Nxf7+ 1-0

[Event "FRA-chB (Women)"]
[Site "Belfort"]
[Date "2010.??.??"]
[Round "4"]
[White "Bismuth, Lea"]
[Black "Bollengier, Andreea"]
[Result "0-1"]
[WhiteElo "1935"]
[BlackElo "2227"]
[PlyCount "64"]
[EventDate "2010.08.09"]
[EventType "tourn"]
[EventRounds "11"]
[EventCountry "FRA"]
[SourceTitle "EXT 2011"]
[Source "ChessBase"]
[SourceDate "2010.11.26"]
[SourceVersion "1"]
[SourceVersionDate "2010.11.26"]
[SourceQuality "1"]

1. e4 c5 2. Nc3 a6 3. a4 b6 4. Bc4 Bb7 5. Nf3 e6 6. d3 d6 7. 0-0 Be7 8. Ne2 Qc7 9. Ng3 Nf6 10. Qe1 Nc6 11. c3 0-0 12. Ba2 b5 13. Bd2 bxa4 14. Bb1 Qb6 15. Qc1 Na5 16. Rxa4 Bc6 17. Ra2 Nb3 18. Qc2 a5 19. Bg5 h6 20. Bxf6 Bxf6 21. d4 g6 22. e5 Bg7 23. Ne4 cxd4 24. cxd4 dxe5 25. dxe5 Rfc8 26. Nd6 Rc7 27. Qe2 Rd8 28. Rd1 Bxf3 29. gxf3 Nc1 30. Qe4 Nxa2 31. Bxa2 Qxb2 32. Bc4 Qxe5 0-1

[Event "FRA-chB (Women)"]
[Site "Nimes"]
[Date "2009.08.22"]
[Round "11"]
[White "Khelif, Jihane"]
[Black "Bismuth, Lea"]
[Result "0-1"]
[WhiteElo "1750"]
[BlackElo "1892"]
[PlyCount "46"]
[EventDate "2009.08.10"]
[EventType "tourn"]
[EventRounds "11"]
[EventCountry "FRA"]
[SourceTitle "CBM 132 Extra"]
[Source "ChessBase"]
[SourceDate "2009.11.03"]
[SourceVersion "1"]
[SourceVersionDate "2009.11.03"]
[SourceQuality "1"]

1. e4 d5 2. exd5 Qxd5 3. Qf3 Qd6 4. Nc3 Nf6 5. Bc4 a6 6. Nge2 Nc6 7. Ne4 Qb4 8. Nxf6+ exf6 9. Bd5 Ne5 10. Qb3 c6 11. a3 Qe7 12. Bf3 Be6 13. Qc3 Nxf3+ 14. Qxf3 Bd5 15. Qg3 Qe4 16. f3 Qxc2 17. 0-0 0-0-0 18. Rf2 Qd1+ 19. Rf1 Qxe2 20. d4 Bd6 21. Bf4 Bxf4 22. Qxf4 Rhe8 23. a4 Qe3+ 0-1

[Event "FRA-chB (Women)"]
[Site "Nimes"]
[Date "2009.08.13"]
[Round "3"]
[White "Bismuth, Lea"]
[Black "Batteau, Valerie"]
[Result "1-0"]
[WhiteElo "1892"]
[BlackElo "1951"]
[PlyCount "95"]
[EventDate "2009.08.10"]
[EventType "tourn"]
[EventRounds "11"]
[EventCountry "FRA"]
[SourceTitle "CBM 132 Extra"]
[Source "ChessBase"]
[SourceDate "2009.11.03"]
[SourceVersion "1"]
[SourceVersionDate "2009.11.03"]
[SourceQuality "1"]

1. e4 e6 2. d4 d5 3. exd5 exd5 4. Bd3 Bd6 5. Nc3 c6 6. Be3 Ne7 7. Qe2 0-0 8. Nf3 Bf5 9. 0-0-0 Nd7 10. h3 b5 11. g4 Bxd3 12. Qxd3 Re8 13. h4 Qa5 14. Kb1 Rab8 15. Ng5 Nf8 16. h5 b4 17. Ne2 Rb6 18. Nc1 Qb5 19. h6 Qxd3 20. Nxd3 g6 21. Bf4 Bb8 22. Rde1 f6 23. Ne6 Nxe6 24. Rxe6 Kf7 25. Rhe1 g5 26. Bd2 a5 27. Nc5 Ba7 28. Nd7 Rb7 29. Nxf6 Rc8 30. Nxh7 Bxd4 31. Nxg5+ Kf8 32. Be3 Bxe3 33. R1xe3 d4 34. Rf3+ Kg8 35. h7+ Kh8 36. Nf7+ Kxh7 37. Nd6 Rbc7 38. Rf7+ Kg8 39. Rexe7 Rxe7 40. Rxe7 Rf8 41. Nf5 Rf6 42. Kc1 Kf8 43. Ra7 Rg6 44. f3 Re6 45. Nxd4 Rd6 46. Nf5 Rd5 47. Ra6 Rc5 48. Nd4 1-0

[Event "FRA-chB (Women)"]
[Site "Nimes"]
[Date "2009.08.12"]
[Round "2"]
[White "Armas, Lara Maria"]
[Black "Bismuth, Lea"]
[Result "1/2-1/2"]
[WhiteElo "1948"]
[BlackElo "1892"]
[PlyCount "58"]
[EventDate "2009.08.10"]
[EventType "tourn"]
[EventRounds "11"]
[EventCountry "FRA"]
[SourceTitle "CBM 132 Extra"]
[Source "ChessBase"]
[SourceDate "2009.11.03"]
[SourceVersion "1"]
[SourceVersionDate "2009.11.03"]
[SourceQuality "1"]

1. e4 c5 2. Nf3 d6 3. c3 Nf6 4. Bd3 Nc6 5. 0-0 Bg4 6. h3 Bh5 7. Bc2 Qc7 8. Na3 a6 9. d4 e6 10. Bf4 cxd4 11. cxd4 Bxf3 12. gxf3 Qb6 13. d5 exd5 14. exd5 Nb4 15. Re1+ Kd8 16. Bb3 Rc8 17. Qd2 a5 18. Be3 Qa6 19. Rac1 Rxc1 20. Rxc1 b5 21. Qd4 Nd7 22. Qa7 Qxa7 23. Bxa7 a4 24. Bd1 Nxa2 25. Ra1 Nb4 26. Nxb5 Nxd5 27. Bxa4 Nf4 28. Be3 g5 29. Rd1 Ne5 1/2-1/2

[Event "FRA-ch U20 Girls"]
[Site "La Roche sur Yon"]
[Date "2008.04.26"]
[Round "8"]
[White "Dolz, Elisabeth"]
[Black "Bismuth, Lea"]
[Result "0-1"]
[WhiteElo "1710"]
[BlackElo "1930"]
[PlyCount "54"]
[EventDate "2008.04.21"]
[EventType "tourn"]
[EventRounds "9"]
[EventCountry "FRA"]
[SourceTitle "EXT 2010"]
[Source "ChessBase"]
[SourceDate "2010.11.25"]
[SourceVersion "1"]
[SourceVersionDate "2010.11.25"]
[SourceQuality "1"]

1. e4 d5 2. exd5 Qxd5 3. Nc3 Qd6 4. Nf3 Nf6 5. d4 a6 6. Bc4 Bg4 7. Be3 Nc6 8. 0-0 0-0-0 9. h3 Bh5 10. Qd3 Bxf3 11. Qf5+ e6 12. Qxf3 Nxd4 13. Bxd4 Qxd4 14. Rad1 Qxc4 15. Rxd8+ Kxd8 16. Qxb7 g6 17. Rd1+ Ke7 18. g4 Bh6 19. Qb3 Qxb3 20. axb3 Rd8 21. Ra1 Rd2 22. Rxa6 Rxc2 23. Ra7 Bf4 24. Na4 Nd5 25. Kf1 Be5 26. Rb7 Nf4 27. Ke1 Nxh3 0-1

[Event "FRA-ch U20 Girls"]
[Site "La Roche sur Yon"]
[Date "2008.04.23"]
[Round "4"]
[White "Bismuth, Lea"]
[Black "Vidal, Marguerite"]
[Result "1-0"]
[WhiteElo "1930"]
[BlackElo "1380"]
[PlyCount "73"]
[EventDate "2008.04.21"]
[EventType "tourn"]
[EventRounds "9"]
[EventCountry "FRA"]
[SourceTitle "EXT 2010"]
[Source "ChessBase"]
[SourceDate "2010.11.25"]
[SourceVersion "1"]
[SourceVersionDate "2010.11.25"]
[SourceQuality "1"]

1. e4 e5 2. Nc3 Nf6 3. f4 Nc6 4. fxe5 Nxe5 5. d4 Ng6 6. e5 Ng8 7. Nf3 Bb4 8. Bd3 N8e7 9. 0-0 d6 10. exd6 Qxd6 11. Ne4 Qb6 12. c3 Bd6 13. Nfg5 0-0 14. Nxh7 Bf5 15. Nxf8 Rxf8 16. Qh5 Bxe4 17. Bxe4 c6 18. b3 Qb5 19. Qxb5 cxb5 20. Bxb7 a5 21. Bb2 Rb8 22. Be4 Nf4 23. g3 Nfd5 24. Bd3 b4 25. c4 Nc3 26. Rae1 Nc6 27. c5 Be7 28. Bc4 Nxd4 29. Rxe7 Kh7 30. Rfxf7 Rg8 31. Rf4 Nde2+ 32. Bxe2 Nxe2+ 33. Rxe2 g5 34. Rf6 g4 35. Re7+ Rg7 36. Rxg7+ Kxg7 37. Kf2 1-0

[Event "FRA-ch op-B"]
[Site "Aix les Bains"]
[Date "2007.08.21"]
[Round "8"]
[White "Le Diouron, Aurelie"]
[Black "Bismuth, Lea"]
[Result "1/2-1/2"]
[WhiteElo "1995"]
[BlackElo "1931"]
[PlyCount "75"]
[EventDate "2007.08.13"]
[EventType "swiss"]
[EventRounds "11"]
[EventCountry "FRA"]
[SourceTitle "CBM 120 Extra"]
[Source "ChessBase"]
[SourceDate "2007.11.01"]
[SourceVersion "1"]
[SourceVersionDate "2007.11.01"]
[SourceQuality "1"]

1. e4 c5 2. Nf3 Nc6 3. d4 cxd4 4. Nxd4 Qb6 5. Nb3 Nf6 6. Nc3 e6 7. Be3 Qd8 8. a3 Be7 9. Be2 0-0 10. 0-0 b6 11. f4 Bb7 12. Bf3 d6 13. Qe1 Rc8 14. Rd1 Qc7 15. Qg3 Rfd8 16. f5 Ne5 17. fxe6 Nxf3+ 18. Rxf3 fxe6 19. Bh6 g6 20. Qh3 Qd7 21. Rdf1 e5 22. Qxd7 Rxd7 23. Rxf6 Bxf6 24. Rxf6 Ba6 25. g3 Rcd8 26. Nd5 Rf7 27. Bg5 Rdf8 28. Nd2 Rxf6 29. Nxf6+ Kg7 30. Ng4 Kf7 31. Kf2 h5 32. Ne3 Ke6+ 33. Kg2 Rc8 34. c3 Bd3 35. Bh6 Rh8 36. Bg5 Rc8 37. Kh3 Rf8 38. Kg2 1/2-1/2

[Event "FRA-ch op-B"]
[Site "Aix les Bains"]
[Date "2007.08.18"]
[Round "5"]
[White "Bismuth, Lea"]
[Black "Chasez, Fabien"]
[Result "1-0"]
[WhiteElo "1931"]
[BlackElo "1972"]
[PlyCount "47"]
[EventDate "2007.08.13"]
[EventType "swiss"]
[EventRounds "11"]
[EventCountry "FRA"]
[SourceTitle "CBM 120 Extra"]
[Source "ChessBase"]
[SourceDate "2007.11.01"]
[SourceVersion "1"]
[SourceVersionDate "2007.11.01"]
[SourceQuality "1"]

1. e4 e6 2. Nc3 d5 3. Nf3 Nf6 4. e5 Nfd7 5. d4 c5 6. dxc5 Bxc5 7. Bd3 Nc6 8. Bf4 a6 9. a3 Qc7 10. 0-0 Ndxe5 11. Re1 Bd6 12. Nxe5 Nxe5 13. Nxd5 exd5 14. Qh5 g6 15. Bxe5 Bxe5 16. Rxe5+ Be6 17. Bxg6 0-0-0 18. Bd3 Kb8 19. Rae1 Rdg8 20. Rg5 Re8 21. Rg3 Qb6 22. b4 Qd4 23. Qe2 Qc3 24. Qe5+ 1-0

[Event "FRA-ch op-B"]
[Site "Aix les Bains"]
[Date "2007.08.16"]
[Round "3"]
[White "Gadarinian, Caroline"]
[Black "Bismuth, Lea"]
[Result "1/2-1/2"]
[WhiteElo "1878"]
[BlackElo "1931"]
[PlyCount "72"]
[EventDate "2007.08.13"]
[EventType "swiss"]
[EventRounds "11"]
[EventCountry "FRA"]
[SourceTitle "CBM 120 Extra"]
[Source "ChessBase"]
[SourceDate "2007.11.01"]
[SourceVersion "1"]
[SourceVersionDate "2007.11.01"]
[SourceQuality "1"]

1. Nf3 Nf6 2. d4 g6 3. Bg5 Bg7 4. c3 d6 5. Nbd2 Nbd7 6. e3 0-0 7. Bd3 e5 8. 0-0 h6 9. Bxf6 Qxf6 10. Qb3 Kh8 11. Nc4 Qe7 12. e4 f5 13. Rfe1 f4 14. dxe5 dxe5 15. Be2 b6 16. Nfd2 Nc5 17. Qc2 Bb7 18. b4 Ne6 19. a4 Ng5 20. a5 b5 21. a6 Bc8 22. Nb2 f3 23. Nxf3 Nxf3+ 24. Bxf3 Rf6 25. Nd3 Bxa6 26. Nc5 Bc8 27. Qe2 c6 28. Red1 a5 29. Bg4 a4 30. Bxc8 Rxc8 31. Rd7 Qe8 32. Rad1 Bf8 33. Na6 Rf7 34. Rxf7 Qxf7 35. Qg4 Ra8 36. Rd7 Qf4 1/2-1/2